000 00620nam a22002177a 4500
003 UA-OsUOA
001 120708
007 ta
008 20170209b un ||||| |||| 00| 0 ukr d
100 _aРоманов С.
090 _a82
_bР69
942 _cSA
040 _aUA-OsUOA
_bukr
_cUA-OsUOA
_dUA-OsUOA
245 _a"Бути письменником повсякчас": Леся Українка та Олександр Олесь
300 _aС.22-30
955 _a0
041 _aukr
080 _a82
773 0 _w120705
650 7 _a82 Література. Літературознавство
_2UDC
999 _c406718
_d406718